000 01028nam a2200241 a 4500
005 20140310183622.0
008 121112s19uu xx 00 eng d
020 _a9780230210257
050 _aHF 1359
_b.M672 2011
100 _aMorrison, Janet
245 _aThe global business environment :
_bmeeting the challenges /
_cJanet Morrison.
250 _a3rd ed.
260 _aBasingstoke, UK :
_bPalgrave Macmillan,
_c2011.
300 _a486 p. :
_bill. col. ;
_c27 cm.
500 _aIncludes bibliographical references and indexes
520 _aThis book offers an accessible and engaging introduction to the business environment, covering the economic, political, social, legal, cultural, technological and financial dimensions to provide a comprehensive overview of the global environment within which businesses operate
521 _aBSBA
650 _aInternational business enterprises
650 _aInternational economic relations
650 _aInternational trade
942 _cBK
_2lcc
_kFOR
999 _c25418
_d25418